Wheater’s basic pathology: a text, atlas and review of histopathology (Record no. 37027)

MARC details
000 -LEADER
fixed length control field 00471nam a2200181Ia 4500
020 ## - INTERNATIONAL STANDARD BOOK NUMBER
ISBN 9780443067676
050 ## - CALL MARK
Classification number RB 111 .Y68/
100 ## - STATEMENT OF RESPONSIBILITY--MAIN AUTHOR NAME
Personal name Young, Barbara
245 #0 - TITLE STATEMENT
Title Wheater’s basic pathology: a text, atlas and review of histopathology
250 ## - EDITION / VOLUME STATEMENT
Edition / Volume statement 5th ed.
260 ## - PUBLICATION, DISTRIBUTION, ETC. (IMPRINT)
Name of publisher Churchill Livingstone
260 ## - PUBLICATION, DISTRIBUTION, ETC. (IMPRINT)
Year of publication 2011
300 ## - PHYSICAL DESCRIPTION
Number of Pages 337 p
650 ## - SUBJECT ADDED ENTRY--TOPICAL TERM
Topical Term Pathology.
942 ## - ADDED ENTRY ELEMENTS (KOHA)
Koha item type Books
Holdings
Withdrawn status Lost status Source of classification or shelving scheme Damaged status Not for loan Permanent Location Current Location Shelving location Date acquired Accession Number Price effective from Koha item type
    Library of Congress Classification     NILE UNIVERSITY OF NIGERIA - MAIN LIBRARY NILE UNIVERSITY OF NIGERIA - MAIN LIBRARY Items on shelf 04/23/2025 0189153 04/23/2025 Books